| 000 | 00529cam a22001691 4500 | ||
|---|---|---|---|
| 082 |
_a627 _bHAN _c29003 |
||
| 100 | 1 |
_aDavis, Calvin Victor, _943904 |
|
| 245 | 1 | 0 |
_aHandbook of applied hydraulics _c[by] Calvin Victor Davis ... |
| 250 | _a1st ed. | ||
| 260 |
_aNew York _aand London, _bMcGraw-Hill book company, inc., _c1942. |
||
| 300 |
_axix, 1084 p. _billus. _c24 cm. |
||
| 526 |
_a0 _b0 _c0 _d627_000000000000000_HAN |
||
| 650 | 0 |
_aHydraulic engineering. _93526 |
|
| 650 | 0 | _aHydraulics. | |
| 650 | 0 |
_aMCE _9379 |
|
| 942 |
_2ddc _cBK |
||
| 999 |
_c547780 _d547780 |
||